000 00523nam a2200157Ia 4500
008 151015s9999 xx 000 0 und d
020 _a8131207404
050 _aQA76.9C65Z442000
245 _aZeigler,Bernard P
250 _a_Theory of modeling and simulation Intergrating discrete event and continuous complex Dynamic system Bernard P. Zegler
260 _a2nd ed.
300 _aNew Delhi Elsevier 2000
500 _aIncludes index.
650 _a_Modelling and simulation
700 _a^d20110111 03:37:17^okilerai
999 _c331
_d331